000 00505nam a2200181Ia 4500
003 GCL
008 140319s9999 xx 000 0 ara d
040 _aGCL /
_cGCL
082 0 4 _a811.9
_bز ف
100 1 _aزين العابدين فؤاد
245 1 0 _aوش مصر /
_cزين العابدين فؤاد
300 _a174 ص
490 _aكتاب الفن
_v0
650 0 4 _aالشعر العربى
650 0 4 _aدواوين وقصائد
650 0 4 _aالشعر - مجموعات
942 _2ddc
_cBK
999 _c38154
_d38154